000 00369pab a2200145 454500
008 180718b2006 xxu||||| |||| 00| 0 eng d
100 _aKumar, C. Shanath
245 _aManagement by expectations (MBEx)
260 _c2006
300 _ap.68-78.
362 _aApr-Jun
650 _aManagement
773 _aIndian Journal of Training and Development
909 _a70933
999 _c70933
_d70933